000 00231nam a2200097Ia 4500
005 20251222154313.0
008 251222s9999||||xx |||||||||||||| ||spa||
082 _a613.2/C76
245 0 _aBoletín de ayuda mutua y salud
942 _cLIB
999 _c33485
_d33485